WW2 - Statistics

General Stats
  • This quiz has been taken 65 times
  • The average score is 24 of 65
Answer Stats
Hint Answer % Correct
Germany air force was known as Luftwaffe
76%
Stalin's army was also known as The Red army
76%
Allies now need to remove Germans from north Africa to get to Italy
66%
General in charge of North African battle, "Blood and guts" Patton
66%
what was the fraction of working women that were married 3/4
62%
Japan lost _aircraft carriers(#) 4
59%
main heavy bombing aircraft used B-17
59%
Hitler wanted to attack ____ in Russia(January 1943) Stalingrad
55%
Oil fields Hitler invaded Russia for Caucasus
52%
Allies system designed to protect ships Convoy
52%
Hitlers living space lebensraum
52%
Mussolini escapes and Hitler puts him in charge of a ____ state in northern Italy Puppet
52%
Who bombed Germany at night RAF
52%
July 1943 Eisenhower captures ____ resulting in Italy's surrender Sicily
52%
German U-boats were in what was called Wolfpacks
52%
large # of bombs over a wide area, including civilians carpet bombing
48%
Japan Admiral that planed to destroy American aircrafts at midway Yamamoto
48%
June 6, 1944: Normandy, France invasion D-day
45%
who was thee supreme commissioner of the invasion(our 34th president) Eisenhower
45%
What letter meant Victory against fascism abroad and Victory against discrimination at home (double_) V
45%
American Admiral that focused carriers at midway Chester Nimitz
41%
image of wartime working women Rosie the Riveter
41%
Who bombed Germany in the day Americans
38%
labor leader demanded AfricanAmer. equality A. Philip Randolph
38%
Americans first capture of japan soil came at battle of Guadalcanal
38%
Invasion of France was called Operation Overlord
38%
Another form of bombing that took out infrastructure and military bases Strategic bombing
38%
Japan lost ___ air crafts(#) 250
34%
Spanish speaking neighborhoods(California) Barrios
34%
battle name where Hitler launched counterattack in Belgium creating a bulge Battle of the Bulge
34%
japan takes colonies from America, Britain and _____ Dutch
34%
April 30th,___ commits suicide Hitler
34%
American style used to get to japan island hopping
34%
Allied forces freed Paris, Brussels, Belgium, Netherlands
34%
president in charge after FDR truman
34%
war cost 330 billiion
31%
FDR signs executive order _____ to end discrimination at home and employ African Americans 8802
31%
Decoded Japans message Code breakers
31%
The battle above used this style which was popular in the Vietnam war Jungle Warfare
31%
suicide planes kamikazes
31%
second atomic bomb was dropped on (august 9th) Nagasaki
31%
American sailors fight Mexicans over their Un-American looking suits Zoot suit riots
31%
most decorated military unit in usa history 442nd Regimental Combat Team
28%
month Soviets capture German capital of Berlin April
28%
Mussolini's mistress who is killed along with himself Claretta Petacci
28%
who staged non violent protest against discrimination CORE
28%
$50 million was spent on daycare centers
28%
People called the large amount of bombings Firestorms
28%
first atomic bomb was dropped (august 6th) Hiroshima
28%
soviets attacking from the east free Latvia, Romania, Slovakia & _____ Hungary
28%
japans were ____or confined in camps interned
28%
Who increased membership NAACP
28%
Mex. Farmers: help w. farm labor shortage in South Bracero Program
24%
The development of the atomic bomb was also known as the Manhattan project
24%
code name of the each with most resistance Omaha
24%
Day that the Germans surrender May 7, 1945
21%
General that led 1st and 3rd Armies pushing Germans back Omar bradley
21%
Fictional army set up under Patton to get Germany to send top tank division was where Calais
17%
battle that freed Philippines Leyte Gulf:
17%
set wages and max prices Office of Price Administration
17%
Famous quote about conservation Use it up, wear it out, make it do or do without!
17%
Victory in Europe Day V-E Day
17%
kill as much enemy as poss. before you get killed. banzai charges
14%
flag was raised on Mt. Surabachi
14%
When did japan surrender August15
10%
No matching quizzes found
Score Distribution
Percent of People with Each Score
Percentile by Number Answered
Your Score History
You have not taken this quiz